000 00475nam a2200205Ia 4500
005 20240823013656.0
008 240823s9999||||xx |||||||||||||| ||und||
020 _a81-7808-937-8
041 _aENGLISH
082 _A621.3192 P2
100 _aSiva Ram Murthy C
245 0 _aWDM Optical Networks
250 _a1st
260 _c2003
_b"PHI,New D"
500 _aYES
650 _aNetworks
_bElectronics
700 _a Mohan Gurusamy
942 _cBK
999 _c167909
_d167909